Normal view
MARC view
Entry Término temático
001 - NÚMERO DE CONTROL
- campo de control: 164537
003 - IDENTIFICADOR DEL NÚMERO DE CONTROL
- campo de control: OSt
005 - FECHA Y HORA DE LA ÚLTIMA TRANSACCIÓN
- campo de control: 20250613142218.0
008 - DATOS DE LONGITUD FIJA
- campo de control de longitud fija: 220127|| aca||aabn | a|a d
040 ## - FUENTE DE LA CATALOGACIÓN
- Centro catalogador/agencia de origen: OSt
- Centro/agencia transcriptor: OSt
150 ## - ENCABEZAMIENTO--TÉRMINO DE MATERIA
- Término de materia o nombre geográfico como elemento de entrada: Agave tequilana
- Subdivisión general: Plagas
670 ## - FUENTE DE DATOS ENCONTRADOS
- Cita de la fuente: Work cat.: (OSt)199243: Alvarez Magaña, José Carmen 4936, Patogenicidad comparada de los hongos Vertcillium spp. y Beauveria spp. en el picudo del agave Scyphophorus acupunctatus Gyll. (Coleoptera :
